000 00299nam a2200145Ia 4500
100 _aPhillips/ Charles F
942 _cBK
654 _aMarketing
245 _aMarketing Principles & Methods.
260 _bnone
082 _a658.8
_bPHI/DUN
300 _a779
546 _aENGLISH
999 _c24835
_d24835